000
00325nam a22001337a 4500
008
180205b xxu||||| |||| 00| 0 eng d
020
_a
9780070049239
041
_a
eng
080
_a
94
100
_a
16
101
_a
HIS
245
_a
Traditions& encounters a global perspective on the past
_c
Bentley,J.H
942
_2
udc
_c
BK
999
_c
41833
_d
41833